00373nam a2200145Ia 4500008004100000041000800041082001600049100002900065245006300094250000800157260002500165300000800190542001500198650001400213220531s9999 xx 000 0 und d aeng a330.03bRAM aRam, K. N. &. Mandav, A. aEncyclopaedia Of Economics: Advanced Microeconomics, Vol.3 a1ST aDelhibPacificc2012 a266 d15-11-2011 aEconomics